| 000 | 00621nam a2200193 a 4500 | ||
|---|---|---|---|
| 005 | 20210223130346.0 | ||
| 008 | 991125s19952006mx 000 0 spa u | ||
| 020 | _a9706330550 | ||
| 035 | _aUPN01000153859 | ||
| 049 | _aCG | ||
| 050 | 4 |
_aND453 G7 _bC3.7a |
|
| 100 | 1 |
_aGogh, Vincent Van, _d1853-1890 _9206 |
|
| 245 | 1 | 0 |
_aCartas desde la locura / _cVincent Van Gogh ; prol. José Miguel Tola. |
| 260 |
_aMéxico : _bCoyoacán, _c1995 (2006 impr.). |
||
| 300 |
_a187 p. : _bil. |
||
| 440 | 0 |
_aDiálogo abierto ; _v40 |
|
| 600 | 1 | 4 |
_aGOGH, VINCENT VAN, _d1853-1890 - _vCORRESPONDENCIA, MEMORIAS, ETC. _99781 |
| 905 | _aLibro | ||
| 999 |
_c125980 _d125980 |
||